| 000 | 01417nam a2200361 c 4500 | ||
|---|---|---|---|
| 001 | 44030 | ||
| 003 | ES-MaCES | ||
| 005 | 20240320040004.0 | ||
| 007 | cr ||||||||||| | ||
| 008 | 060215s2005 sp |||||||||||00||0 spa|d | ||
| 035 | _a0008600000168 | ||
| 040 |
_aES-MaCES _bspa _cES-MaCES |
||
| 245 | 0 | 0 | _aDictamen 4/2005, sobre el Proyecto de Real Decreto por el que se aprueba el Reglamento de fundaciones de competencia estatal |
| 300 | _a12 p. (182,5 kb) | ||
| 593 |
_cEconomía y Fiscalidad _iD-004-2005 _f20050531 _rOrdinaria _sPleno extraordinario _vPresentes 40: 36 sí, 3 no, 1 abst. |
||
| 650 | 4 |
_arégimen jurídico _929894 |
|
| 650 | 4 |
_aEspaña _926964 |
|
| 650 | 4 |
_areglamento _927154 |
|
| 650 | 4 |
_aintervención estatal _929380 |
|
| 650 | 4 |
_afundaciones _930815 |
|
| 653 | 1 | 0 | _aAsuntos Sociales |
| 700 | 1 |
_aBurgos Díaz, Luis _einterviniente _98492 |
|
| 700 | 1 |
_aCastro Sanz, Marcos de _einterviniente _99325 |
|
| 700 | 1 |
_aAramburu Godínez, José Luis _einterviniente _96417 |
|
| 700 | 1 |
_aAragón Medina, Jorge _einterviniente _96411 |
|
| 700 | 1 |
_aCavada Hoyo, José de la _einterviniente _99348 |
|
| 700 | 1 |
_aRuesga Benito, Santos Miguel _eponente _922800 |
|
| 710 | 1 |
_aEspaña _bMinisterio de la Presidencia _esolicitante _93255 |
|
| 856 |
_uhttp://www.ces.es/documents/DIC/2005/04 _ytexto completo |
||
| 902 | _aDictamen | ||
| 942 |
_2CES _cDI _h3.3. |
||
| 999 |
_c44030 _d44030 |
||